|
|
|
|
| LEADER |
00000nam2a2200000 4500 |
| 001 |
113400 |
| 005 |
20231101215126.0 |
| 035 |
|
|
|a (RuTPU)RU\TPU\book\122644
|
| 090 |
|
|
|a 113400
|
| 100 |
|
|
|a 20070410d2013 m y0rusy50 ca
|
| 101 |
0 |
|
|a eng
|
| 102 |
|
|
|a RU
|
| 105 |
|
|
|a a j 001zy
|
| 200 |
0 |
|
|a Ч. 1
|
| 210 |
|
|
|d 2013
|
| 215 |
|
|
|a 80 с.
|c ил.
|
| 320 |
|
|
|a Библиогр.: с. 77-78.
|
| 330 |
|
|
|a Материал пособия позволит студентам получить профессионально ориентированную информацию на английском языке и пополнить словарь профессиональных терминов по своей специальности. Тексты являются аутентичными и отобраны из современных англоязычных источников (в том числе интернет-сайтов). Предназначено для студентов факультета физической культуры и вузов России. Пособие состоит из профессионально ориентированных текстов по теме «Спорт и физическая культура». Авторами разработаны упражнения, которые предполагают индивидуальную, парную и групповую работу.
|
| 461 |
|
1 |
|0 (RuTPU)RU\TPU\book\122122
|t Спорт в нашей жизни
|o книга для студентов
|o учебное пособие для вузов
|l Sport in Our Life
|f Национальный исследовательский Томский политехнический университет (ТПУ) ; сост. М. В. Нетесова, Ю. П. Ажель
|v Ч. 1
|d 2013-2014
|
| 606 |
1 |
|
|a Английский язык
|x Учебные руководства и пособия
|x Пособия по развитию речи, разговорники
|2 stltpush
|3 (RuTPU)RU\TPU\subj\29074
|9 52486
|
| 610 |
1 |
|
|a лексика
|
| 610 |
1 |
|
|a спорт
|
| 610 |
1 |
|
|a профессиональный английский язык
|
| 610 |
1 |
|
|a термины
|
| 610 |
1 |
|
|a тексты
|
| 610 |
1 |
|
|a чтение
|
| 610 |
1 |
|
|a упражнения
|
| 610 |
1 |
|
|a труды учёных ТПУ
|
| 686 |
|
|
|a Ш143.21-923.4
|2 rubbk
|
| 801 |
|
1 |
|a RU
|b 63413507
|c 20070410
|g PSBO
|
| 801 |
|
2 |
|a RU
|b 63413507
|c 20151109
|g PSBO
|
| 900 |
|
|
|a Физическая культура
|
| 900 |
|
|
|a Английский язык
|
| 942 |
|
|
|c BK
|